NBA Champions Quiz - Statistics

General Stats
  • This quiz has been taken 10,020 times
    2,015 since last reset
  • The average score is 73 of 79
Answer Stats
Year Teams % Correct
1949 Minneapolis Lakers
100%
1950 Minneapolis Lakers
100%
1952 Minneapolis Lakers
100%
1953 Minneapolis Lakers
100%
1954 Minneapolis Lakers
100%
1957 Boston Celtics
99%
1959 Boston Celtics
99%
1960 Boston Celtics
99%
1961 Boston Celtics
99%
1962 Boston Celtics
99%
1963 Boston Celtics
99%
1964 Boston Celtics
99%
1965 Boston Celtics
99%
1966 Boston Celtics
99%
1968 Boston Celtics
99%
1969 Boston Celtics
99%
1974 Boston Celtics
99%
1976 Boston Celtics
99%
1981 Boston Celtics
99%
1984 Boston Celtics
99%
1986 Boston Celtics
99%
2008 Boston Celtics
99%
2024 Boston Celtics
99%
1972 Los Angeles Lakers
99%
1980 Los Angeles Lakers
99%
1982 Los Angeles Lakers
99%
1985 Los Angeles Lakers
99%
1987 Los Angeles Lakers
99%
1988 Los Angeles Lakers
99%
2000 Los Angeles Lakers
99%
2001 Los Angeles Lakers
99%
2002 Los Angeles Lakers
99%
2009 Los Angeles Lakers
99%
2010 Los Angeles Lakers
99%
2020 Los Angeles Lakers
99%
1975 Golden State Warriors
98%
2015 Golden State Warriors
98%
2017 Golden State Warriors
98%
2018 Golden State Warriors
98%
2022 Golden State Warriors
98%
1991 Chicago Bulls
97%
1992 Chicago Bulls
97%
1993 Chicago Bulls
97%
1996 Chicago Bulls
97%
1997 Chicago Bulls
97%
1998 Chicago Bulls
97%
2006 Miami Heat
97%
2012 Miami Heat
97%
2013 Miami Heat
97%
2025 Oklahoma City Thunder
97%
1947 Philadelphia Warriors
97%
1956 Philadelphia Warriors
97%
2016 Cleveland Cavaliers
96%
1971 Milwaukee Bucks
96%
2021 Milwaukee Bucks
96%
2023 Denver Nuggets
95%
1999 San Antonio Spurs
95%
2003 San Antonio Spurs
95%
2005 San Antonio Spurs
95%
2007 San Antonio Spurs
95%
2014 San Antonio Spurs
95%
2019 Toronto Raptors
94%
2011 Dallas Mavericks
92%
1989 Detroit Pistons
91%
1990 Detroit Pistons
91%
2004 Detroit Pistons
91%
1994 Houston Rockets
90%
1995 Houston Rockets
90%
1983 Philadelphia 76ers
82%
1967 Philadelphia 76ers
73%
1970 New York Knicks
72%
1973 New York Knicks
72%
1958 St. Louis Hawks
65%
1977 Portland Trail Blazers
61%
1979 Seattle SuperSonics
58%
1948 Baltimore Bullets
55%
1978 Washington Bullets
55%
1951 Rochester Royals
43%
1955 Syracuse Nationals
29%
No matching quizzes found
Score Distribution
Percent of People with Each Score
Percentile by Number Answered
Your Score History
You have not taken this quiz since the last reset